[Event "GBR-ch 111th"]
[Site "Liverpool"]
[Date "2025.08.02"]
[Round "1.1"]
[White "Maroroa Jones, Gawain"]
[Black "Sivanandan, Bodhana"]
[Result "1-0"]
[WhiteElo "2651"]
[BlackElo "2216"]
[PlyCount "97"]
[EventDate "2025.08.02"]
[EventType "swiss"]
[EventRounds "9"]
[EventCountry "GBR"]
[SourceTitle "BritBase"]
[Source "John Saunders"]
[SourceDate "2025.08.11"]
[SourceVersion "1"]
[SourceVersionDate "2025.08.11"]
[SourceQuality "1"]

1. e4 e5 2. d4 exd4 3. Nf3 Nc6 4. Bc4 d6 5. Nxd4 Nxd4 6. Qxd4 Nf6 7. Nc3 Be7 8. Bf4 Be6 9. Bxe6 fxe6 10. e5 Nh5 11. Be3 dxe5 12. Qxe5 Nf6 13. Nb5 Bd6 14. Qxe6+ Qe7 15. Qc4 Be5 16. O-O-O a6 17. Nd4 Bxd4 18. Rxd4 Qf7 19. Qc5 Qe7 20. Qc4 Qf7 21. Qb4 Qe7 22. Qxb7 O-O 23. Rhd1 a5 24. Rc4 Rfc8 25. Qc6 Qf7 26. Bg5 Ne8 27. Rd7 Qxf2 28. Qe6+ Kh8 29. Rf4 Qc5 30. Rd5 Qg1+ 31. Rd1 Qc5 32. Qe5 Qd6 33. Rxd6 Nxd6 34. Bh6 Rg8 35. Rg4 Ne8 36. b3 Ra6 37. Bd2 Nf6 38. Ra4 Rc6 39. Qxa5 h6 40. Rc4 Re6 41. Rxc7 Ne8 42. Rc8 Rf6 43. Qe5 Nd6 44. Rxg8+ Kxg8 45. a4 Kf7 46. Bb4 Nf5 47. g4 Nh4 48. Qd5+ Ke8 49. Qg8+ 1-0

[Event "GBR-ch 111th"]
[Site "Liverpool"]
[Date "2025.08.02"]
[Round "1.2"]
[White "Vitiugov, Nikita"]
[Black "Banerjee, Supratit"]
[Result "1-0"]
[WhiteElo "2676"]
[BlackElo "2242"]
[PlyCount "115"]
[EventDate "2025.08.02"]
[EventType "swiss"]
[EventRounds "9"]
[EventCountry "GBR"]
[SourceTitle "BritBase"]
[Source "John Saunders"]
[SourceDate "2025.08.11"]
[SourceVersion "1"]
[SourceVersionDate "2025.08.11"]
[SourceQuality "1"]

1. d4 Nf6 2. c4 g6 3. Nc3 Bg7 4. e4 d6 5. Nf3 O-O 6. Bd3 c5 7. d5 e5 8. h3 Nh5 9. g3 h6 10. Bc2 a6 11. Be3 b5 12. cxb5 axb5 13. Nxb5 Qb6 14. a4 Bd7 15. Bd3 Na6 16. Nd2 Nb4 17. Be2 Qb8 18. Ra3 Nf6 19. h4 h5 20. Bg5 Re8 21. O-O Bh3 22. Re1 Bd7 23. Bf1 Nh7 24. Be3 f5 25. Nc4 Bf8 26. Bh3 Nf6 27. exf5 Ra6 28. Bg5 Be7 29. Bxf6 Bxf6 30. Kh2 Bxb5 31. axb5 Qxb5 32. Bf1 Qd7 33. fxg6 Rea8 34. Nb6 Qf5 35. Rf3 Qxg6 36. Bxa6 Rxa6 37. Nc4 e4 38. Rf4 Nd3 39. Rfxe4 Nxf2 40. Re8+ Kg7 41. Qf3 Ng4+ 42. Kh3 Ne5 43. R8xe5 dxe5 44. Nxe5 Qe8 45. Nd3 Qd7+ 46. Kg2 Rb6 47. Re2 Qg4 48. Qxg4+ hxg4 49. Nxc5 Rb5 50. Ne4 Bxb2 51. d6 Bd4 52. d7 Bb6 53. Nc3 Rf5 54. Rd2 Rf8 55. Na4 Ba5 56. Rd4 Kh6 57. Rxg4 Rd8 58. Rd4 1-0

[Event "GBR-ch 111th"]
[Site "Liverpool"]
[Date "2025.08.02"]
[Round "1.3"]
[White "Khoury, Theo"]
[Black "Adams, Michael"]
[Result "0-1"]
[WhiteElo "2239"]
[BlackElo "2663"]
[PlyCount "68"]
[EventDate "2025.08.02"]
[EventType "swiss"]
[EventRounds "9"]
[EventCountry "GBR"]
[SourceTitle "BritBase"]
[Source "John Saunders"]
[SourceDate "2025.08.11"]
[SourceVersion "1"]
[SourceVersionDate "2025.08.11"]
[SourceQuality "1"]

1. e4 e5 2. Nf3 Nc6 3. d4 exd4 4. Nxd4 Nf6 5. Nxc6 bxc6 6. e5 Qe7 7. Qe2 Nd5 8. h4 Qe6 9. Nd2 a5 10. g3 Nb4 11. Nf3 Ba6 12. c4 Qg6 13. h5 Qc2 14. Rh4 c5 15. a3 Qxe2+ 16. Kxe2 Nc6 17. h6 g6 18. Bg5 Be7 19. Bf6 O-O 20. Kd2 d6 21. Bxe7 Nxe7 22. Bd3 Rab8 23. Kc2 Bb7 24. Be4 Nf5 25. Bxf5 Bxf3 26. Bg4 Be4+ 27. Kc3 dxe5 28. Bd7 Bf3 29. g4 Rfd8 30. Rh3 e4 31. Bc6 Rd3+ 32. Kc2 Rd6 33. Ba4 Bxg4 34. Re3 Bf3 0-1

[Event "GBR-ch 111th"]
[Site "Liverpool"]
[Date "2025.08.02"]
[Round "1.4"]
[White "Yoon, Jacob D"]
[Black "Conquest, Stuart C"]
[Result "0-1"]
[WhiteElo "2203"]
[BlackElo "2511"]
[PlyCount "112"]
[EventDate "2025.08.02"]
[EventType "swiss"]
[EventRounds "9"]
[EventCountry "GBR"]
[SourceTitle "BritBase"]
[Source "John Saunders"]
[SourceDate "2025.08.11"]
[SourceVersion "1"]
[SourceVersionDate "2025.08.11"]
[SourceQuality "1"]

1. d4 Nf6 2. c4 e6 3. Nf3 d5 4. Nc3 c6 5. e3 Nbd7 6. Be2 Bd6 7. O-O O-O 8. b3 b6 9. Bb2 Bb7 10. Bd3 c5 11. cxd5 exd5 12. dxc5 bxc5 13. Rc1 Re8 14. Bf5 Nb6 15. Qd3 Qe7 16. a4 Rad8 17. a5 Nbd7 18. a6 Ba8 19. Bxd7 Rxd7 20. Nb5 Bb8 21. Bxf6 gxf6 22. Qf5 Rdd8 23. Nh4 Qe5 24. Qxe5 fxe5 25. Rxc5 d4 26. Nf5 Be4 27. Ng3 Bg6 28. e4 Re6 29. Ra1 Rb6 30. f3 f6 31. Kf1 Be8 32. Ra5 Rc6 33. Rxc6 Bxc6 34. Nf5 Kf7 35. Ke2 Ke6 36. Na3 Bc7 37. Rc5 Kd7 38. Ne7 Ba8 39. Nd5 Bd6 40. Ra5 Bxa3 41. Rxa3 Bxd5 42. exd5 Kd6 43. Kd3 Rc8 44. b4 Kxd5 45. Ra5+ Kd6 46. Ra3 Rc1 47. f4 Rd1+ 48. Ke2 Rb1 49. fxe5+ fxe5 50. Rh3 e4 51. Rxh7 Rb2+ 52. Ke1 d3 53. Rh8 Ke5 54. b5 e3 55. Re8+ Kf4 56. Rf8+ Kg5 0-1

[Event "GBR-ch 111th"]
[Site "Liverpool"]
[Date "2025.08.02"]
[Round "1.5"]
[White "Ghasi, Ameet K"]
[Black "Jackson, Edward"]
[Result "1-0"]
[WhiteElo "2501"]
[BlackElo "2194"]
[PlyCount "79"]
[EventDate "2025.08.02"]
[EventType "swiss"]
[EventRounds "9"]
[EventCountry "GBR"]
[SourceTitle "BritBase"]
[Source "John Saunders"]
[SourceDate "2025.08.11"]
[SourceVersion "1"]
[SourceVersionDate "2025.08.11"]
[SourceQuality "1"]

1. Nf3 d5 2. e3 Nf6 3. c4 e6 4. Nc3 Be7 5. b3 O-O 6. Bb2 c5 7. cxd5 Nxd5 8. Qc2 Nc6 9. a3 Bf6 10. h4 h6 11. g4 Nxc3 12. g5 Qd5 13. gxf6 Qxf3 14. fxg7 Rd8 15. Rh3 Qe4 16. d3 Nd4 17. Qxc3 Nf3+ 18. Rxf3 Qxf3 19. Be2 Qf5 20. e4 Qf4 21. Qxc5 Qxh4 22. Qe5 b6 23. Qf6 Qxf6 24. Bxf6 Ba6 25. Kd2 Rd7 26. Rh1 Kh7 27. Rh3 Bb7 28. Ke3 Rg8 29. Rg3 Ba6 30. Kf4 Rc7 31. Bh5 Bb5 32. a4 Be8 33. d4 Rc2 34. Rg2 Rb2 35. d5 Rxb3 36. d6 Rb4 37. f3 Rxa4 38. d7 Bxd7 39. Bxf7 Ra5 40. Bg6# 1-0

[Event "GBR-ch 111th"]
[Site "Liverpool"]
[Date "2025.08.02"]
[Round "1.6"]
[White "Badacsonyi, Frankie"]
[Black "Fernandez, Daniel H"]
[Result "0-1"]
[WhiteElo "2193"]
[BlackElo "2500"]
[PlyCount "74"]
[EventDate "2025.08.02"]
[EventType "swiss"]
[EventRounds "9"]
[EventCountry "GBR"]
[SourceTitle "BritBase"]
[Source "John Saunders"]
[SourceDate "2025.08.11"]
[SourceVersion "1"]
[SourceVersionDate "2025.08.11"]
[SourceQuality "1"]

1. d4 Nf6 2. c4 g6 3. Nc3 d5 4. cxd5 Nxd5 5. e4 Nxc3 6. bxc3 Bg7 7. Nf3 c5 8. Bb5+ Bd7 9. Rb1 O-O 10. O-O Qc7 11. Be3 Rd8 12. Qb3 Nc6 13. Bxc6 bxc6 14. dxc5 Be6 15. Qa4 Bxc3 16. Ng5 Qc8 17. Rfd1 Rxd1+ 18. Rxd1 Bg7 19. Nxe6 Qxe6 20. h3 h5 21. Rb1 h4 22. Bg5 Bf6 23. Bxf6 Qxf6 24. Qa6 Kg7 25. Qb7 Rd8 26. Qxa7 Rd2 27. Rf1 Qe5 28. a4 Qxe4 29. a5 Ra2 30. Qb6 Qd5 31. a6 Qd7 32. Qb4 g5 33. Qc4 Qd5 34. Qc3+ e5 35. Ra1 g4 36. a7 g3 37. fxg3 Qxg2# 0-1

[Event "GBR-ch 111th"]
[Site "Liverpool"]
[Date "2025.08.02"]
[Round "1.7"]
[White "Royal, Shreyas"]
[Black "Stubbs, Oliver"]
[Result "1-0"]
[WhiteElo "2495"]
[BlackElo "2191"]
[PlyCount "95"]
[EventDate "2025.08.02"]
[EventType "swiss"]
[EventRounds "9"]
[EventCountry "GBR"]
[SourceTitle "BritBase"]
[Source "John Saunders"]
[SourceDate "2025.08.11"]
[SourceVersion "1"]
[SourceVersionDate "2025.08.11"]
[SourceQuality "1"]

1. e4 e6 2. d4 d5 3. Nc3 Nf6 4. e5 Nfd7 5. f4 c5 6. Nf3 Nc6 7. Be3 a6 8. a3 cxd4 9. Nxd4 Bc5 10. Qd2 Bxd4 11. Bxd4 Nxd4 12. Qxd4 Qb6 13. Qxb6 Nxb6 14. Bd3 Ke7 15. Ne2 h5 16. Kd2 Bd7 17. Nd4 g6 18. g3 Rac8 19. b3 Rh7 20. h3 Rh6 21. Rh2 Rg8 22. Rf2 Nc8 23. Ke3 Na7 24. c4 dxc4 25. bxc4 Nc6 26. Rb1 Nxd4 27. Kxd4 Bc6 28. Be4 Kd7 29. Rfb2 Rb8 30. Bxc6+ Kxc6 31. Rb6+ Kc7 32. c5 Rhh8 33. a4 Rhd8+ 34. Rd6 a5 35. Kc4 Ra8 36. Rbb6 h4 37. g4 g5 38. fxg5 Rg8 39. Rb2 Rxg5 40. Rf2 Rf8 41. Kd4 Rg6 42. c6 f6 43. Kc5 Rg5 44. Rd7+ Kc8 45. Kb6 bxc6 46. Rfd2 Rxe5 47. Rc7+ Kb8 48. Rdd7 1-0

[Event "GBR-ch 111th"]
[Site "Liverpool"]
[Date "2025.08.02"]
[Round "1.8"]
[White "Murawski, Jan"]
[Black "Clarke, Brandon Gi"]
[Result "0-1"]
[WhiteElo "2189"]
[BlackElo "2491"]
[PlyCount "60"]
[EventDate "2025.08.02"]
[EventType "swiss"]
[EventRounds "9"]
[EventCountry "GBR"]
[SourceTitle "BritBase"]
[Source "John Saunders"]
[SourceDate "2025.08.11"]
[SourceVersion "1"]
[SourceVersionDate "2025.08.11"]
[SourceQuality "1"]

1. d4 Nf6 2. c4 g6 3. Nc3 Bg7 4. e4 d6 5. f3 O-O 6. Be3 a6 7. Qd2 Nbd7 8. O-O-O b5 9. e5 Ne8 10. c5 c6 11. f4 f6 12. Nf3 Qa5 13. d5 Nxc5 14. dxc6 Be6 15. exd6 exd6 16. Bxc5 dxc5 17. Qe3 Bxa2 18. Qxc5 Bb3 19. Rd7 f5 20. Nd4 Qa1+ 21. Nb1 Bxd4 22. Rxd4 Rc8 23. Be2 Ba2 24. Kc2 Ng7 25. Bf3 Ne6 26. Bd5 Bxd5 27. Qxd5 Rxc6+ 28. Nc3 Qxh1 29. Rd1 Rd8 30. Qxc6 Qxd1+ 0-1

[Event "GBR-ch 111th"]
[Site "Liverpool"]
[Date "2025.08.02"]
[Round "1.9"]
[White "Wadsworth, Matthew J"]
[Black "Chopra, Manmay"]
[Result "1/2-1/2"]
[WhiteElo "2483"]
[BlackElo "2188"]
[PlyCount "83"]
[EventDate "2025.08.02"]
[EventType "swiss"]
[EventRounds "9"]
[EventCountry "GBR"]
[SourceTitle "BritBase"]
[Source "John Saunders"]
[SourceDate "2025.08.11"]
[SourceVersion "1"]
[SourceVersionDate "2025.08.11"]
[SourceQuality "1"]

1. Nf3 Nf6 2. c4 g6 3. Nc3 Bg7 4. e4 d6 5. d4 O-O 6. Be2 Na6 7. O-O e5 8. Re1 Qe7 9. Bf1 Bg4 10. dxe5 dxe5 11. h3 Bxf3 12. Qxf3 c6 13. Be3 Nc5 14. Rad1 Ne6 15. Rd2 b6 16. Red1 Rad8 17. a3 Nh5 18. Rxd8 Rxd8 19. Rxd8+ Qxd8 20. c5 Nxc5 21. Bxc5 bxc5 22. g3 Nf6 23. Bc4 Qd2 24. b3 h5 25. Kg2 Kf8 26. a4 a5 27. Qd3 Qxd3 28. Bxd3 Bh6 29. Kf3 Ke7 30. h4 Ne8 31. Ke2 Nd6 32. Bc4 f5 33. f3 fxe4 34. fxe4 Kf6 35. Kf3 Bd2 36. Nd1 Be1 37. Nb2 Bc3 38. Nd3 Bd4 39. Ne1 Bc3 40. Nd3 Bd4 41. Ne1 Bc3 42. Nd3 1/2-1/2

[Event "GBR-ch 111th"]
[Site "Liverpool"]
[Date "2025.08.02"]
[Round "1.10"]
[White "Price, Gwilym T"]
[Black "Bazakutsa, Svyatoslav"]
[Result "1/2-1/2"]
[WhiteElo "2186"]
[BlackElo "2481"]
[PlyCount "131"]
[EventDate "2025.08.02"]
[EventType "swiss"]
[EventRounds "9"]
[EventCountry "GBR"]
[SourceTitle "BritBase"]
[Source "John Saunders"]
[SourceDate "2025.08.11"]
[SourceVersion "1"]
[SourceVersionDate "2025.08.11"]
[SourceQuality "1"]

1. e4 c5 2. Nf3 Nc6 3. Nc3 e5 4. Bc4 d6 5. d3 Be7 6. O-O Nf6 7. Ng5 O-O 8. f4 Bg4 9. Qd2 exf4 10. Qxf4 Ne5 11. Nf3 Nh5 12. Qe3 Bxf3 13. gxf3 Nxc4 14. dxc4 f5 15. Qd3 Kh8 16. exf5 Bg5 17. f4 Bf6 18. Nd5 Bd4+ 19. Be3 Bxe3+ 20. Qxe3 Qh4 21. Rae1 Rxf5 22. Re2 Raf8 23. Ref2 Nf6 24. Qe7 Rg8 25. Rg2 Qh3 26. Qxd6 Nxd5 27. cxd5 Qe3+ 28. Kh1 Qd4 29. c3 Qxd5 30. Qxd5 Rxd5 31. Re2 Rd7 32. Kg2 h6 33. Re5 b6 34. Rfe1 Rf8 35. Kg3 Rff7 36. h4 Rd3+ 37. R5e3 Rfd7 38. Kg4 Kh7 39. a4 Rxe3 40. Rxe3 Rd2 41. b3 Kg6 42. h5+ Kf6 43. c4 Rd4 44. Kf3 Rd1 45. Kg4 Rd6 46. a5 Rd1 47. axb6 axb6 48. Kg3 Rd4 49. Kg4 Rd6 50. b4 Rd4 51. bxc5 bxc5 52. Ra3 Rxc4 53. Ra6+ Kf7 54. Kf5 Rd4 55. Ra7+ Kf8 56. Rc7 c4 57. Kg6 Ke8 58. Kxg7 Rd7+ 59. Rxd7 Kxd7 60. f5 c3 61. f6 c2 62. f7 c1=Q 63. f8=Q Qg5+ 64. Kh7 Qxh5 65. Qxh6 Qxh6+ 66. Kxh6 1/2-1/2

[Event "GBR-ch 111th"]
[Site "Liverpool"]
[Date "2025.08.02"]
[Round "1.11"]
[White "Gordon, Stephen J"]
[Black "Jones, Steven A"]
[Result "1-0"]
[WhiteElo "2469"]
[BlackElo "2185"]
[PlyCount "83"]
[EventDate "2025.08.02"]
[EventType "swiss"]
[EventRounds "9"]
[EventCountry "GBR"]
[SourceTitle "BritBase"]
[Source "John Saunders"]
[SourceDate "2025.08.11"]
[SourceVersion "1"]
[SourceVersionDate "2025.08.11"]
[SourceQuality "1"]

1. Nf3 Nf6 2. b3 g6 3. Bb2 Bg7 4. g3 O-O 5. Bg2 d5 6. c4 dxc4 7. bxc4 c5 8. O-O Nc6 9. Ne5 Na5 10. Qa4 Ng4 11. Nd3 Bxb2 12. Nxb2 Bd7 13. Qa3 Rc8 14. Nc3 b6 15. Rad1 Bc6 16. h3 Bxg2 17. Kxg2 Nf6 18. Qa4 Qc7 19. Nd3 Rfd8 20. Ne1 e5 21. Nc2 Qb7+ 22. Kh2 Ne4 23. Nxe4 Qxe4 24. Ne3 h5 25. d3 Qd4 26. Qa3 Qd6 27. Nd5 Nc6 28. Qc1 Ne7 29. Nc3 Nf5 30. Nd5 Ne7 31. Nc3 Nf5 32. Kg2 Qc6+ 33. e4 Nd4 34. Nd5 Qe6 35. Qh6 Nc2 36. f4 exf4 37. Rxf4 Rxd5 38. cxd5 Qe5 39. Rf2 Nd4 40. Rdf1 Rc7 41. Rf6 Nf5 42. Qg5 1-0

[Event "GBR-ch 111th"]
[Site "Liverpool"]
[Date "2025.08.02"]
[Round "1.12"]
[White "Shafi, Declan"]
[Black "Willow, Jonah B"]
[Result "0-1"]
[WhiteElo "2183"]
[BlackElo "2459"]
[PlyCount "62"]
[EventDate "2025.08.02"]
[EventType "swiss"]
[EventRounds "9"]
[EventCountry "GBR"]
[SourceTitle "BritBase"]
[Source "John Saunders"]
[SourceDate "2025.08.11"]
[SourceVersion "1"]
[SourceVersionDate "2025.08.11"]
[SourceQuality "1"]

1. e4 c5 2. Nf3 Nc6 3. Bb5 Nf6 4. Bxc6 dxc6 5. d3 Qc7 6. h3 e5 7. Be3 Be7 8. Nfd2 h6 9. Nc3 Be6 10. Qe2 Nd7 11. O-O g5 12. f3 O-O-O 13. Qf2 h5 14. Ne2 g4 15. f4 exf4 16. Nxf4 gxh3 17. gxh3 Ne5 18. Nxe6 fxe6 19. Bf4 Bd6 20. Qh2 Rdg8+ 21. Kh1 Ng4 22. Qg3 e5 23. Be3 h4 24. Qf3 Nxe3 25. Qxe3 Rg3 26. Qf2 Rxh3+ 27. Kg2 Rg3+ 28. Kh2 Qg7 29. Nc4 Kb8 30. Ne3 Rf8 31. Qe2 Rh3+ 0-1

[Event "GBR-ch 111th"]
[Site "Liverpool"]
[Date "2025.08.02"]
[Round "1.13"]
[White "Williams, Simon K"]
[Black "Kovalskyi, Roman"]
[Result "1/2-1/2"]
[WhiteElo "2444"]
[BlackElo "2180"]
[PlyCount "76"]
[EventDate "2025.08.02"]
[EventType "swiss"]
[EventRounds "9"]
[EventCountry "GBR"]
[SourceTitle "BritBase"]
[Source "John Saunders"]
[SourceDate "2025.08.11"]
[SourceVersion "1"]
[SourceVersionDate "2025.08.11"]
[SourceQuality "1"]

1. b3 d5 2. Bb2 c5 3. e3 e6 4. f4 Nf6 5. Nf3 Be7 6. Bb5+ Bd7 7. Bxd7+ Nfxd7 8. Nc3 Nc6 9. O-O O-O 10. g4 f5 11. gxf5 Rxf5 12. Ne2 Qb6 13. Ng3 Rf7 14. Ng5 Bxg5 15. fxg5 Raf8 16. Rxf7 Rxf7 17. Qe2 Qd8 18. h4 Qf8 19. Qg4 Qd6 20. Rf1 Nde5 21. Qh3 Nf3+ 22. Kg2 Nxd2 23. Rxf7 Kxf7 24. Qg4 Ne4 25. Qh5+ Kf8 26. Ne2 e5 27. Qxh7 Qe6 28. Qh8+ Qg8 29. Qxg8+ Kxg8 30. Kf3 g6 31. Nc3 Nxc3 32. Bxc3 Kf7 33. e4 d4 34. Bd2 b5 35. c4 b4 36. Kg4 Nd8 37. h5 a5 38. h6 Ke6 1/2-1/2

[Event "GBR-ch 111th"]
[Site "Liverpool"]
[Date "2025.08.02"]
[Round "1.14"]
[White "Kanyamarala, Trisha"]
[Black "Roberson, Peter T"]
[Result "1/2-1/2"]
[WhiteElo "2178"]
[BlackElo "2440"]
[PlyCount "82"]
[EventDate "2025.08.02"]
[EventType "swiss"]
[EventRounds "9"]
[EventCountry "GBR"]
[SourceTitle "BritBase"]
[Source "John Saunders"]
[SourceDate "2025.08.11"]
[SourceVersion "1"]
[SourceVersionDate "2025.08.11"]
[SourceQuality "1"]

1. d4 d5 2. c4 c6 3. e3 Nf6 4. Nf3 Bf5 5. cxd5 cxd5 6. Qb3 Qc7 7. Nc3 e6 8. Be2 a6 9. Bd2 Bd6 10. Rc1 Nc6 11. O-O O-O 12. h3 Qe7 13. Nh4 Be4 14. f3 Bg6 15. Nxg6 hxg6 16. f4 Rfc8 17. Na4 Ne4 18. Be1 Rc7 19. Nb6 Rf8 20. Bd3 f5 21. Bxe4 fxe4 22. h4 Qd8 23. Rd1 Ne7 24. a4 Nf5 25. g3 Rc6 26. a5 Bc7 27. Na4 Bxa5 28. Qxb7 Rc2 29. Bf2 g5 30. hxg5 Qe8 31. g4 Nxe3 32. Bxe3 Qxa4 33. Ra1 Qc4 34. Qe7 Qe2 35. Qxe6+ Kh8 36. Bf2 Rc6 37. Qxc6 Qxg4+ 38. Kh2 Qh5+ 39. Kg1 Qg4+ 40. Kh2 Qh5+ 41. Kg1 Qg4+ 1/2-1/2

[Event "GBR-ch 111th"]
[Site "Liverpool"]
[Date "2025.08.02"]
[Round "1.15"]
[White "Harvey, Marcus R"]
[Black "Golding, James"]
[Result "1-0"]
[WhiteElo "2439"]
[BlackElo "2176"]
[PlyCount "85"]
[EventDate "2025.08.02"]
[EventType "swiss"]
[EventRounds "9"]
[EventCountry "GBR"]
[SourceTitle "BritBase"]
[Source "John Saunders"]
[SourceDate "2025.08.11"]
[SourceVersion "1"]
[SourceVersionDate "2025.08.11"]
[SourceQuality "1"]

1. c4 e6 2. Nc3 d5 3. d4 Nf6 4. cxd5 exd5 5. Bg5 c6 6. e3 Be7 7. Bd3 Nbd7 8. Qc2 Nf8 9. Nf3 Ne6 10. O-O-O Nxg5 11. Nxg5 Bg4 12. Rde1 Bh5 13. f4 Nd7 14. Nh3 Qb6 15. Nf2 f6 16. Bxh7 Nf8 17. Bf5 Bf7 18. Nd3 g6 19. Bg4 f5 20. Bf3 O-O-O 21. Ne5 Be6 22. Na4 Qa5 23. Rd1 Rh6 24. Kb1 Kb8 25. a3 Nd7 26. Qxc6 g5 27. Nxd7+ Rxd7 28. Qc2 Rc7 29. Nc5 g4 30. Be2 Bc8 31. Rc1 Rhc6 32. Qc3 Qxc3 33. Rxc3 Bxc5 34. dxc5 Rxc5 35. Rxc5 Rxc5 36. Rc1 Rc7 37. Rxc7 Kxc7 38. Kc2 Kd6 39. Kc3 Kc5 40. h4 gxh3 41. gxh3 Be6 42. b4+ Kd6 43. Kd4 1-0

[Event "GBR-ch 111th"]
[Site "Liverpool"]
[Date "2025.08.02"]
[Round "1.16"]
[White "Ledger, Dave J"]
[Black "Czopor, Maciej"]
[Result "1/2-1/2"]
[WhiteElo "2161"]
[BlackElo "2434"]
[PlyCount "100"]
[EventDate "2025.08.02"]
[EventType "swiss"]
[EventRounds "9"]
[EventCountry "GBR"]
[SourceTitle "BritBase"]
[Source "John Saunders"]
[SourceDate "2025.08.11"]
[SourceVersion "1"]
[SourceVersionDate "2025.08.11"]
[SourceQuality "1"]

1. e4 c5 2. Nf3 d6 3. d4 cxd4 4. Nxd4 Nf6 5. Nc3 Nc6 6. Be3 Ng4 7. Bg5 h6 8. Bh4 g5 9. Bg3 Bg7 10. Nxc6 bxc6 11. Qd2 Qa5 12. Bc4 Rb8 13. Bb3 Bxc3 14. bxc3 Be6 15. O-O Rg8 16. Rad1 Ne5 17. Rb1 Kd7 18. Qd4 c5 19. Qa4+ Qxa4 20. Bxa4+ Kc7 21. Bxe5 dxe5 22. Bb3 c4 23. Ba4 Rgd8 24. f3 Rb6 25. Rb4 Rxb4 26. cxb4 c3 27. Re1 Bxa2 28. Re3 Rd1+ 29. Kf2 Rd2+ 30. Kg1 Rd1+ 31. Kf2 Rd2+ 32. Kg3 h5 33. Rxc3+ Kb6 34. h3 h4+ 35. Kh2 Rd4 36. Rc6+ Kb7 37. c3 Rd6 38. Rc5 f6 39. Kg1 a6 40. Kf2 Rd2+ 41. Kf1 Be6 42. Be8 Ra2 43. Bc6+ Kb6 44. Be8 Bb3 45. Rc6+ Kb7 46. Rc5 Ra1+ 47. Kf2 Ra2+ 48. Kf1 Rc2 49. Bd7 Rd2 50. Be8 Rd6 1/2-1/2

[Event "GBR-ch 111th"]
[Site "Liverpool"]
[Date "2025.08.02"]
[Round "1.17"]
[White "Han, Yichen"]
[Black "Sedykh, Mikhail"]
[Result "1-0"]
[WhiteElo "2430"]
[BlackElo "2159"]
[PlyCount "72"]
[EventDate "2025.08.02"]
[EventType "swiss"]
[EventRounds "9"]
[EventCountry "GBR"]
[SourceTitle "BritBase"]
[Source "John Saunders"]
[SourceDate "2025.08.11"]
[SourceVersion "1"]
[SourceVersionDate "2025.08.11"]
[SourceQuality "1"]

1. Nf3 d5 2. e3 Nf6 3. c4 e6 4. Nc3 Be7 5. b3 O-O 6. Bb2 dxc4 7. bxc4 c5 8. Qc2 b6 9. Be2 Bb7 10. Rg1 Nc6 11. a3 Na5 12. d3 Ne8 13. g4 Nd6 14. g5 f5 15. h4 Rc8 16. Nb5 Nc6 17. h5 Ne8 18. h6 a6 19. Nc3 b5 20. hxg7 Rf7 21. Nb1 b4 22. Nbd2 Nxg7 23. a4 Bd6 24. g6 hxg6 25. Rxg6 e5 26. O-O-O Rf6 27. Rg5 Qc7 28. Rdg1 Bf8 29. Nh4 Kf7 30. f4 Re8 31. Ndf3 exf4 32. Bxf6 Kxf6 33. Qb2+ Ne5 34. exf4 Ke7 35. Qxe5+ Qxe5 36. Nxe5 Bc8 1-0

[Event "GBR-ch 111th"]
[Site "Liverpool"]
[Date "2025.08.02"]
[Round "1.18"]
[White "Dasgupta, Avyukt"]
[Black "Mahadevan, Siva"]
[Result "1/2-1/2"]
[WhiteElo "2158"]
[BlackElo "2416"]
[PlyCount "71"]
[EventDate "2025.08.02"]
[EventType "swiss"]
[EventRounds "9"]
[EventCountry "GBR"]
[SourceTitle "BritBase"]
[Source "John Saunders"]
[SourceDate "2025.08.11"]
[SourceVersion "1"]
[SourceVersionDate "2025.08.11"]
[SourceQuality "1"]

1. d4 d5 2. Bf4 c5 3. dxc5 e6 4. e4 Bxc5 5. Nc3 Ne7 6. exd5 exd5 7. Qd2 O-O 8. O-O-O Nbc6 9. Nxd5 Nxd5 10. Qxd5 Qb6 11. Qb3 Nb4 12. a3 Be6 13. Bc4 Bxc4 14. Qxc4 Nxc2 15. Qxc2 Rac8 16. Bd2 Be3 17. Bxe3 Rxc2+ 18. Kxc2 Qg6+ 19. Kb3 Qe6+ 20. Kc2 Qe4+ 21. Kb3 Qe6+ 22. Kc2 Qe4+ 23. Kb3 b5 24. Ka2 b4 25. axb4 a5 26. Nf3 axb4 27. Nd4 Ra8+ 28. Kb3 Rc8 29. Rc1 Qd3+ 30. Kxb4 Rb8+ 31. Kc5 Rxb2 32. Kd5 h6 33. Rc8+ Kh7 34. Rhc1 f5 35. g3 Qe4+ 36. Kd6 1/2-1/2

[Event "GBR-ch 111th"]
[Site "Liverpool"]
[Date "2025.08.02"]
[Round "1.19"]
[White "Pert, Richard G"]
[Black "Brewer, Callum D"]
[Result "1/2-1/2"]
[WhiteElo "2409"]
[BlackElo "2152"]
[PlyCount "73"]
[EventDate "2025.08.02"]
[EventType "swiss"]
[EventRounds "9"]
[EventCountry "GBR"]
[SourceTitle "BritBase"]
[Source "John Saunders"]
[SourceDate "2025.08.11"]
[SourceVersion "1"]
[SourceVersionDate "2025.08.11"]
[SourceQuality "1"]

1. d4 Nf6 2. Nf3 d5 3. Bf4 c5 4. e3 Nc6 5. Nbd2 cxd4 6. exd4 Bf5 7. Bb5 Rc8 8. Ne5 Qb6 9. Bxc6+ bxc6 10. c3 h5 11. b4 Ne4 12. Nxe4 Bxe4 13. O-O e6 14. Re1 Be7 15. Qe2 Qb5 16. Qd1 a5 17. a4 Qb6 18. bxa5 Qxa5 19. Qb3 O-O 20. Qb7 Rc7 21. Nxc6 Rxb7 22. Nxa5 Rb6 23. Nc4 dxc4 24. Rxe4 Ra8 25. g3 g5 26. Be3 Bf6 27. g4 h4 28. f4 gxf4 29. Rxf4 Bg5 30. Rf3 Bxe3+ 31. Rxe3 Rba6 32. Rh3 Rxa4 33. Rxa4 Rxa4 34. Rxh4 Ra1+ 35. Kf2 Ra2+ 36. Kf1 Kg7 37. Rh3 1/2-1/2

[Event "GBR-ch 111th"]
[Site "Liverpool"]
[Date "2025.08.02"]
[Round "1.20"]
[White "Bradbury, Neil H"]
[Black "Makkar, Rajat"]
[Result "0-1"]
[WhiteElo "2137"]
[BlackElo "2406"]
[PlyCount "84"]
[EventDate "2025.08.02"]
[EventType "swiss"]
[EventRounds "9"]
[EventCountry "GBR"]
[SourceTitle "BritBase"]
[Source "John Saunders"]
[SourceDate "2025.08.11"]
[SourceVersion "1"]
[SourceVersionDate "2025.08.11"]
[SourceQuality "1"]

1. c4 c6 2. d4 d5 3. Nc3 Nf6 4. Nf3 e6 5. e3 Nbd7 6. Bd3 dxc4 7. Bxc4 b5 8. Bd3 Bd6 9. O-O O-O 10. a4 b4 11. Ne4 Nxe4 12. Bxe4 Bb7 13. a5 Rc8 14. Qe2 Qc7 15. a6 Ba8 16. Bd2 Nf6 17. Bd3 c5 18. Rfc1 Qb8 19. h3 Rfd8 20. Be1 Be7 21. Rd1 cxd4 22. Nxd4 Qe5 23. f4 Qc5 24. Bh4 Nd5 25. Bf2 Bf6 26. Nf3 b3 27. Kh2 Qb4 28. g3 Qb8 29. Rac1 Nb4 30. Rxc8 Qxc8 31. Bb1 Rxd1 32. Qxd1 Qxa6 33. e4 Be7 34. Qxb3 Qf1 35. Be1 Qe2+ 36. Kh1 a5 37. Bxb4 axb4 38. Ng1 Bxe4+ 39. Bxe4 Qxe4+ 40. Qf3 Qc2 41. Qb7 Bf8 42. Nf3 Qc1+ 0-1